| 000 | 01150cam a2200337 i 4500 | ||
|---|---|---|---|
| 001 | 200462545 | ||
| 003 | TR-AnTOB | ||
| 005 | 20240925111356.0 | ||
| 007 | ta | ||
| 008 | 240925 2013 tu b 000 0 tur d | ||
| 020 | _a9789751625809 | ||
| 040 |
_aGAZIU _beng _erda _cTR-AnTOB |
||
| 041 | 0 | _atur | |
| 050 | 0 | 0 |
_aPL186 _b.P55 2013 |
| 090 |
_aPL186 _b.P55 2013 |
||
| 100 | 1 |
_aPilten-Ufuk, Şahru _eauthor _9126414 |
|
| 245 | 1 | 0 |
_aTürk dilinde ızdırap söz bilgisi : _bbir eş anlamlılık incelemesi / _cŞahru Pilten. |
| 250 | _a1. baskı. | ||
| 264 | 1 |
_aAnkara : _bTürk Dil Kurumu Yayınları, _c2013. |
|
| 300 |
_a372 pages ; _c24 cm |
||
| 336 |
_atext _btxt _2rdacontent |
||
| 337 |
_aunmediated _bn _2rdamedia |
||
| 338 |
_avolume _bnc _2rdacarrier |
||
| 490 | 0 |
_aAtatürk Kültürk Dil ve Tarik Yüksek Kurumu. _aTürk Dil Kurumu Yayınları ; _v1077 |
|
| 504 | _aBIB | ||
| 650 | 7 |
_aTürk dili _xEş anlamlı ve zıt anlamlı sözcükler _2etuturkob _915419 |
|
| 650 | 7 |
_aTürk Dili _xSözdizimi _2etuturkob _96379 |
|
| 650 | 7 |
_aTürk dili _vKelimeler ve cümleler _2etuturkob _925662 |
|
| 942 |
_2lcc _cBK |
||
| 999 |
_c200462545 _d80757 |
||